000 00769nam a2200229Ia 4500
008 191130s1994##################000#0#eng##
020 _a9780195632668
040 _aACL
_cACL
082 _a306.70954 OHA
100 _aOhanlon, Rosalind
245 _aA comparison between women and men : Tarabai Shinde and the critique of gender relations in colonial India
_cRosalind Ohanlon
260 _aOxford
_bOxford University Press
_c1994
300 _a147 p. ; 23 cm
500 _aincludes bibliographical reference (p.[139-144)and index
650 _aDomestic relations
650 _aIndia
650 _aSex discrimination against women
650 _aWomen-Social conditions
990 _acaa0da08ac10000c41b08ab28df08e98
991 _a361397
999 _c340115
_d340115